| 000 | 00491nam a2200169Ia 4500 | ||
|---|---|---|---|
| 008 | 190912s9999 xx 000 0 und d | ||
| 100 | _aEstevez, Patricia | ||
| 245 | _aTrump travel ban comes into effect/ | ||
| 245 | _cPatricia Estevez | ||
| 260 | _bThe Philippine Star | ||
| 260 | _c2017 | ||
| 300 | _aJuly 1 | ||
| 440 | _aThe Philippine Star | ||
| 650 | _aDonald Trump -- President -- United States | ||
| 650 | _aGovernment policy (United States) | ||
| 650 | _aLaw -- United States | ||
| 999 |
_c362115 _d362115 |
||